| 000 | 00711nam a2200229 a 4500 | ||
|---|---|---|---|
| 999 |
_c8167 _d8167 |
||
| 001 | 8167 | ||
| 003 | BD-JhCC | ||
| 005 | 20181002174601.0 | ||
| 008 | 180219s1995 bg |||| ||a| 000 0 ben d | ||
| 035 | _a(BD-JhCC)8167 | ||
| 040 |
_aBD-JhCC _dBD-JhCC |
||
| 041 | _aben | ||
| 082 |
_a923.1 _bABB 1995 |
||
| 245 |
_aআব্বাসউদ্দীন / _cআল মাহমুদ (সম্পাদিত) |
||
| 260 |
_aঢাকা : _bবাংলাদেশ শিল্পকলা একাডেমী, _c1995 |
||
| 300 |
_a148 p. : _c23 cm. |
||
| 600 | _aAbbasuddin | ||
| 650 | _aBiography | ||
| 700 | _aমাহমুদ, আল (সম্পাদিত) | ||
| 942 |
_2ddc _cBK |
||